33 chiến lược của chiến tranh = The 33 strategies of war
Phân tích và trình bày những nguyên nhân thắng thua của chiến lược chiến tranh hướng nội, chiến tranh có tổ chức, chiến tranh phòng ngự, chiến tranh công kích, thực hiện chiến tranh
محفوظ في:
| المؤلف الرئيسي: | |
|---|---|
| التنسيق: | كتاب |
| اللغة: | Undetermined |
| منشور في: |
Thành phố Hồ Chí Minh
Trẻ
2016
|
| الموضوعات: | |
| الوسوم: |
إضافة وسم
لا توجد وسوم, كن أول من يضع وسما على هذه التسجيلة!
|
| Thư viện lưu trữ: | Trung tâm Học liệu Trường Đại học Cần Thơ |
|---|
| LEADER | 00928nam a2200217Ia 4500 | ||
|---|---|---|---|
| 001 | CTU_207835 | ||
| 008 | 210402s9999 xx 000 0 und d | ||
| 020 | |c 185000 | ||
| 082 | |a 303.6 | ||
| 082 | |b G799 | ||
| 100 | |a Greene, Robert | ||
| 245 | 0 | |a 33 chiến lược của chiến tranh = | |
| 245 | 4 | |b The 33 strategies of war | |
| 245 | 0 | |c Robert Greene ; Nguyễn Thành Nhân dịch | |
| 260 | |a Thành phố Hồ Chí Minh | ||
| 260 | |b Trẻ | ||
| 260 | |c 2016 | ||
| 520 | |a Phân tích và trình bày những nguyên nhân thắng thua của chiến lược chiến tranh hướng nội, chiến tranh có tổ chức, chiến tranh phòng ngự, chiến tranh công kích, thực hiện chiến tranh | ||
| 650 | |a Conduct of life,Ứng xử của cuộc sống | ||
| 904 | |i Hải | ||
| 980 | |a Trung tâm Học liệu Trường Đại học Cần Thơ | ||